Ανασκαφή Βασιλικής Ιεράπετρας 1993 : αναλυτικό ημερολόγιο εργαστηρίου & γενική έκθεση εργασιών
Αποθηκεύτηκε σε:
| Κύριος συγγραφέας: | |
|---|---|
| Μορφή: | Βιβλίο |
| Γλώσσα: | Greek |
| Δημοσίευση: |
Αθήνα :
Απόδεξις,
2006
|
| Σειρά: | Αρχαιολογικά μελετήματα. Θεωρία και πράξη ;
; 20 |
| Θέματα: | |
| Ετικέτες: |
Προσθήκη ετικέτας
Δεν υπάρχουν, Καταχωρήστε ετικέτα πρώτοι!
|
MARC
| LEADER | 00000cam a2200000 i 4500 | ||
|---|---|---|---|
| 001 | 1/87204 | ||
| 008 | 080530s2006 gre d | ||
| 035 | |l 10097824 | ||
| 040 | |a GR-MY-UA |b gre |e aacr | ||
| 041 | 0 | |a gre | |
| 082 | 0 | |a 930.10283 |2 (22) | |
| 100 | 1 | |a Ζώης, Αντώνης Α. | |
| 245 | 1 | 0 | |a Ανασκαφή Βασιλικής Ιεράπετρας 1993 : |b αναλυτικό ημερολόγιο εργαστηρίου & γενική έκθεση εργασιών / |c Αντώνης Α. Ζώης |
| 260 | |a Αθήνα : |b Απόδεξις, |c 2006 | ||
| 300 | |a xxxviii, 234 σ.; |c 29 εκ. | ||
| 490 | 1 | |a Απόδεξις. αρχαιολογικά μελετήματα - θεωρία και πράξη |v ; 20 | |
| 500 | |a Άνω του τίτλου: Αρχαιολογική αποστολή Βασιλικής Ιεράπετρας | ||
| 650 | 0 | 0 | |a Archaeological expeditions. |
| 650 | 0 | 0 | |a Excavations (Archaeology) |z Greece |z Crete. |
| 650 | 0 | 0 | |a Report writing. |
| 651 | 0 | |a Βασιλική (Κρήτη) | |
| 830 | 0 | |a Αρχαιολογικά μελετήματα. |p Θεωρία και πράξη ; |v ; 20 | |
| 852 | |a INST |b RHODES |e 20080530 |h 930.10283 ΖΩΗ |p 005400029111 |q 005400029111 |t BK |y 0 | ||
| 901 | |a BIBL4-2008-2 | ||
| 909 | |a Ρ |b 150166 | ||
| 970 | |a ΚΟΖΑ |b ΜΑΡΙΑ |z 2008/05/30 | ||